000 00205 a2200097 4500
001 8012
100 _aSpears, S E
245 _aAssignment to catastrophe
260 _a
_bHeanimann
_c
090 _c6420
_d6420
942 _aNUST-CAE
_cM
_c32957
999 _c243085
_d243085